000 03716nam a22003017a 4500
001 8915
003 FISKH
005 20251031122850.0
008 251031b cb ||||| |||| 00| 0 eng d
020 _a9789995094737
040 _aFISKH
_bkhr
_cFISKH
_dFISKH
082 _a398.2
100 _aSotheary, Kimsun
245 _aធនញ្ជ័យកុមារ :
_cរៀបរៀងដោយ អ្នកស្រី គឹមស៊ុន សុធារី , ត្រួតពិនិត្យអក្ខរាវិរុទ្ធ ដោយ លោក​ វ៉ាន់ សុភ័ក្រ្ត , កញ្ញា វុិច វឌ្ឍនា និង អ្នកនាង វ៉ាត ចរិយា​
_bThun Chey , Koma /
260 _aភ្នំពេញ :
_bReading Books ,
_c2009.
300 _a24 pages :
_bcolor illustrations ;
_c25 cm .
490 _aពិភពរឿងនិទាន​
505 _aP
520 _aនៅសម័យបុរាណ មានព្រះរាជាឈ្មោះ ធនញ្ជ័យ ដែលមានកូនប្រុសអ៊ាងតូចម្នាក់ឈ្មោះ ធនញ្ជ័យកុមារ។ ព្រះកុមារនេះមានចិត្តសប្បុរស ប្រាជ្ញា និងគោរពស្ដាប់ព្រះបិតាមាតា។ កាលមួយ ព្រះរាជាបិតាបានចង់សាកល្បងចិត្តកូន ដោយធ្វើជាមនុស្សក្រីក្រ ហើយដាក់ព្រះកុមារឱ្យរស់ដោយខ្លួនឯង។ ក្នុងអំឡុងពេលនោះ ព្រះកុមារបានបង្ហាញពីសេចក្ដីខិតខំ សុចរិត និងការរស់នៅដោយសុចរិតភាព ទោះបីមានការលំបាកក៏ដោយ។ ព្រះអង្គបានជួយមនុស្សជាច្រើនដោយចិត្តសប្បុរស និងមិនធ្លាប់ធ្វើអំពើអាក្រក់ទេ។ នៅចុងរឿង ព្រះរាជាបិតាបានបង្ហាញអត្តសញ្ញាណពិតវិញ ហើយសរសើរចិត្តល្អនៃព្រះកុមារ។ ព្រះអង្គបានរៀបចំអាហារពិសេស និងប្រគល់អាសនៈកិត្តិយសអោយកូនជាផ្នែករងសាសនានិងរាជការ។
520 _aIn ancient times, there was a king named Thananjaya, who had a young son called Prince Thananjaya Kumara. The prince was kind-hearted, wise, and always respectful and obedient to his parents. One day, the king wanted to test his son’s character. He disguised himself as a poor man and sent the prince away to live on his own. During that time, the prince showed great diligence, honesty, and integrity. Even though life was difficult, he remained virtuous and generous, helping many people and never doing anything wrong. In the end, the king revealed his true identity and praised his son’s good heart. He held a great feast in honor of the prince and appointed him to a respected position in both the royal court and religious affairs
521 8 _a650
_bLexile estimate
521 8 _aP
_bRaz-Plus
650 _aធនញ្ជ័យកុមារ
_vរឿងនិទានកុមារ
650 _aThun Chey, Koma
_vChildren's Stories
700 _aSan, Thai
_eIllustrator
942 _2ddc
_cKHB
_n0
999 _c8915
_d8915